000 00237 a2200097 4500
001 55648
100 _a
245 _aProblem solving and program design in C
260 _aMassachusetts
_bAd. Wesley
_c1996
090 _c34522
_d34522
942 _aNUST-CAE
_cMONOGRAPH
_c27250
999 _c290721
_d290721